Fisch quiz (Rod + location) - Statistics

General Stats
  • This quiz has been taken 10 times
  • The average score is 73 of 299
Answer Stats
Hint Answer % Correct
Joining the game Flimsy Rod
100%
Purchasable Carbon Rod
75%
Leveling Up (500) No-Life Rod
63%
Quest Plaguereaver
63%
Leveling Up (1000) Seraphic Rod
63%
Purchasable Aurora Rod
50%
Purchasable Brick Rod
50%
Purchasable Great Rod of Oscar
50%
Purchasable Kings Rod
50%
Purchasable Kraken Rod
50%
Purchasable Long Rod
50%
Purchasable Lucky Rod
50%
Purchasable Luminescent Oath
50%
Quest Magma Rod
50%
Permanent location Moosewood
50%
Purchasable Nocturnal Rod
50%
Quest Onirifalx
50%
Purchasable Plastic Rod
50%
Limited quest Polaris Serenade
50%
Purchasable Poseidon Rod
50%
Purchasable Rainbow Cluster Rod
50%
Purchasable Random Rod
50%
Purchasable Rapid Rod
50%
Purchasable Rod Of The Depths
50%
Crafting Rod Of The Eternal King
50%
The Keeper's Secret Rod Of The Exalted One
50%
Crafting Rod Of The Forgotten Fang
50%
Purchasable Rod Of The Zenith
50%
Permanent location Roslit Bay
50%
Purchasable Ruinous Oath
50%
Crafting Spiritbinder
50%
Purchasable Steady Rod
50%
Permanent location Sunstone Island
50%
Purchasable Training Rod
50%
Quest Tryhard Rod
50%
Purchasable Verdant Oath
50%
Limited quest Wingripper
50%
Purchasable Abyssal Specter Rod
38%
Permanent location Ancient Isle
38%
Purchasable Arctic Rod
38%
Limited quest Astraeus Serenade
38%
Quest Blade Of Glorp
38%
Permanent location Calm Zone
38%
Crafting Celestial Rod
38%
Purchasable Champions Rod
38%
Purchasable Cinder Block Rod
38%
Purchasable Coral Rod
38%
Limited Cupid's Bow
38%
Quest Dreambreaker
38%
Limited Dusekkar Rod
38%
Quest Duskwire
38%
Purchasable Eidolon Rod
38%
Crafting Elder Mossripper
38%
Black Market Electric Guitar
38%
Purchasable Ethereal Prism Rod
38%
Crafting Evil Pitchfork
38%
Quest Fabulous Rod
38%
Limited quest Fallen Snowblade
38%
Purchasable Fast Rod
38%
Permanent location Forsaken Shores
38%
Purchasable Fortune Rod
38%
Purchasable Free Spirit Rod
38%
Purchasable Frog Rod
38%
Limited Gingerbread Rod
38%
Permanent location Living Garden
38%
Limited Maelstrom
38%
100% Rod Journal/Bestiary Masterline Rod
38%
Quest Merlin's Staff
38%
Purchasable Midas Rod
38%
Purchasable Mythical Rod
38%
Black Market Nates Blade
38%
Admin Event Original No-Life Rod
38%
Limited Peppermint Rod
38%
Purchasable Phoenix Rod
38%
Quest Pinion's Aria
38%
Crafting Requiem
38%
Admin Event Sanguine Spire
38%
Permanent location Scoria Reach
38%
Purchasable Scurvy Rod
38%
Permanent location Snowcap Island
38%
Purchasable Stone Rod
38%
Purchasable Tempest Rod
38%
Purchasable Thalassar's Ruin
38%
Permanent location The Depths
38%
Crafting Tidemourner
38%
Crafting Toxic Spire Rod
38%
Crafting Toxinburst Rod
38%
Purchasable Trident Rod
38%
Black Market Upside-Down Rod
38%
Permanent location Veil of the Forsaken
38%
Permanent location Vertigo
38%
Purchasable Volcanic Rod
38%
Permanent location Volcanic Vents
38%
Purchasable Wildflower Rod
38%
Crafting Wisdom Rod
38%
Purchasable Zeus Rod
38%
Permanent location Abyssal Zenith
25%
Permanent location Ancient Archives
25%
Limited Antler Rod
25%
Level 2500 in second sea Astralhook Rod
25%
Permanent location Atlantis
25%
Purchasable Avalanche Rod
25%
Limited Bat Whisperer Rod
25%
Purchasable Blazebringer Rod
25%
Purchasable Bloomspire
25%
Permanent location Blue Moon
25%
Permanent location Boreal Pines
25%
Limited Brick Built Rod
25%
Purchasable Brine-Infused Rod
25%
Permanent location Brine Pool
25%
Permanent location Castaway Cliffs
25%
Limited Cerebra
25%
Permanent location Challenger's Deep
25%
Purchasable Challenger's Rod
25%
Limited quest Chrysalis
25%
Limited quest Cinderstring
25%
Permanent location Collapsed Ruins
25%
Permanent location Coral Bastion
25%
Permanent location Crimson Cavern
25%
Permanent location Crowned Ruins
25%
Permanent location Cryogenic Canal
25%
Permanent location Crystal Cove
25%
Purchasable Crystalized Rod
25%
Permanent location Cultist Lair
25%
Purchasable Daybreaker Rod
25%
Crafting Dead Man's Rod
25%
Purchasable Decayed Rod
25%
Code Demon-Slayer
25%
Purchasable Depthseeker Rod
25%
70% Full Bestiary Destiny Rod
25%
Limited quest Eardrum
25%
Limited Experimental Rod
25%
Purchasable Fallen Rod
25%
Event location FischFright (2024)
25%
Event location FischFright (2025)
25%
Event location Fischmas (2024)
25%
Event location Fischmas (2025)
25%
Friends Quest Friendly Rod
25%
Permanent location Frigid Cavern
25%
Admin Event Frostbane Rod
25%
Quest Fungal Rod
25%
Permanent location Grand Reef
25%
Purchasable Great Dreamer Rod
25%
Limited Haunted Rod
25%
Purchasable Heaven's Rod
25%
Purchasable Igneous Rupturer
25%
Limited Jack-o-Blazer
25%
Black Market Katana Rod
25%
Permanent location Lost Jungle
25%
Crafting Lucid Rod
25%
Permanent location Luminescent Cavern
25%
Purchasable Magnet Rod
25%
Permanent location Mineshaft
25%
Permanent location Mushgrove Swamp
25%
Limited North Pole
25%
Permanent location Ocean
25%
Permanent location Overgrowth Caves
25%
Crafting Precision Rod
25%
Purchasable Reinforced Rod
25%
Limited Relic Rod
25%
Permanent location Roslit Volcano
25%
Limited Santa's Miracle Rod
25%
Limited quest Silly Fun Happy Rod
25%
Limited Smurf Rod
25%
Limited Spooky Rod
25%
Treasure Chests Sunken Rod
25%
Permanent location Terrapin Island
25%
Purchasable The Boom Ball
25%
Crafting The Lost Rod
25%
Permanent location Tidefall
25%
Permanent location Toxic Grove
25%
Permanent location Treasure Island
25%
Event location Valentides (2025)
25%
Event location Valentides (2026)
25%
Quest Wind Elemental
25%
Permanent location Above The Clouds
13%
Admin Admin-Exclusive
13%
Second sea Adventurer's Rod
13%
Crafting Anchor n' Chain
13%
Event location Animals
13%
Event location Animals: Octophant
13%
Event location Anniversary
13%
Event location Archeological Site
13%
Event location Ashfall
13%
Code Astral Rod
13%
Permanent location Atlantean Storm
13%
Sunken Chest Auric Rod
13%
Removed Axe of Rhoads
13%
Purchasable Azure Of Lagoon
13%
Living Lotus Bloomspire: Blooming Splendor
13%
Toxic Lotus Bloomspire: Twisted Toxins
13%
Black Market Bone Blade
13%
Purchasable Boreal Rod
13%
Second sea Brother's Rod
13%
Bob quest Buddy Bond Rod
13%
Limited Candy Cane Rod
13%
Permanent location Carrot Garden
13%
Purchasable Carrot Rod
13%
Purchasable Cerulean Fang Rod
13%
Limited Christmas Tree Rod
13%
Code Clover Rod
13%
Limited Cornucopia Rod
13%
Purchasable Cryolash
13%
Event location Crypt
13%
Event location Cults Curse
13%
Limited Cupid's Embrace
13%
Permanent location Cursed Isle
13%
Quest Dave Rod
13%
Permanent location Desolate Deep
13%
Limited Egg Rod
13%
Code Event Horizon Rod
13%
Level 2000 in second sea Fang of the Eclipse
13%
Limited Firework Rod
13%
Starter Pack Fischer's Rod
13%
Event location Fischfest
13%
Event location Fischgiving (2024)
13%
Event location Fischgiving (2025)
13%
Crafting Gardenkeeper Rod
13%
Permanent location Glacial Grotto
13%
Event location Golden Tide
13%
Purchasable Ice Warpers Rod
13%
Limited Jinglestar Rod
13%
Event location Jungle's Echo
13%
Permanent location Keepers Altar
13%
Limited Krampus's Rod
13%
Purchasable Leviathan's Fang Rod
13%
Event location Lucky Event
13%
Second sea Merchant Rod
13%
Limited Microphone Rod
13%
Limited Necrotic Rod
13%
Permanent location Nectar Den
13%
Event location New Years Countdown
13%
Limited New Years Rod
13%
Quest Nico's Yarncaster
13%
Limited North-Star Rod
13%
Given to winners of the Art Contest Paintbrush
13%
Code Patriot Rod
13%
Regionless Regionless
13%
Crafting Resourceful Rod
13%
Crafting Riptide Rod
13%
Limited Rose Rod
13%
Purchasable Scarlet Spincaster Rod
13%
Crafting Seasons Rod
13%
Event location Second Sea
13%
Limited Shamrock Rod
13%
Event location Shamrock Seas
13%
Event location Smurf Event
13%
Permanent location Snowburrow
13%
Purchasable Summit Rod
13%
Permanent location Sunken Reliquary
13%
Purchasable Sweet-Stinger
13%
Black Market Sword of Darkness
13%
Limited quest Test Rod
13%
Event location The Takeover
13%
Quest Tranquility Rod
13%
Purchasable Treasure Rod
13%
Event location Twitch Rivals
13%
Purchasable Verdant Shear Rod
13%
Limited Vinefang Rod
13%
Crafting Vineweaver Rod
13%
Crafting Voyager Rod
13%
Purchasable Wicked Fang Rod
13%
Event location Winter's Edge
13%
Purchasable (spear) Withered Spear
13%
Crafting (Spear) Barbed Spear
0%
Limited Bloomspire: Slumbering Elegance
0%
Awarded to Official Content Creators Clickbait Caster
0%
Purchasable (spear) Coral Spear
0%
Purchasable Firefly Rod
0%
XMAS Pack Fischmas Rod
0%
Awarded to Official Content Creators Fish Photographer
0%
Limited Fixer's Rod
0%
Purchasable (spear) Flimsy Spear
0%
Limited | XMAS Pack (II) Frostfire Rod
0%
Winter Bundle Frost Warden Rod
0%
Event location Jurassic Island
0%
Event location LEGO Event
0%
Limited Leprechaun Line
0%
Mike quest Lobster Rod
0%
Purchasable (spear) Mini Spear
0%
Limited Mission Specialist's Rod
0%
Given to select Game Testers nilCaster
0%
Limited quest (Given to players who originally owned the Axe of Rhoads) Noctone
0%
Limited Paleontologist's Rod
0%
Limited Paper Fan Rod
0%
Given to Wiki Editors with significant editing contributions Pen Rod
0%
Crafting (Spear) Poison-Tipped Spear
0%
Limited Popsicle Rod
0%
AFK reward Rod Of Time
0%
Merchandise Rose Rend
0%
Purchasable (spear) Royal Spear
0%
Merchandise Scarlet Ravager
0%
Awarded to Official Content Creators Sovereign Doombringer
0%
Purchasable (spear) Steady Spear
0%
Code Stone Hammer
0%
Limited Superstar Rod
0%
Limited Tidal Wave Rod
0%
Awarded to Official Content Creators View Smasher
0%
No matching quizzes found
Score Distribution
Percent of People with Each Score
Percentile by Number Answered
Your Score History
You have not taken this quiz